00538nam a22001217a 4500008004100000040005500041080002300096245019600119260005100315300001700366650002000383653001300403230428b |||||||| |||| 00| 0 eng d aNational Science LibrarycNational Science Library a537.311.33(05)bK6 aProceedings of the international conference on the physics of semiconductors Kyoto 1966 c/The Physical Society of Japan, Journal of the physical society of Japan, Vol. 21, supplement, 1966  aJapan: bThe Physical Society of Japan, c1966 axiii, 780p.  aSemiconductors  aPhysics